[Event "Karlovy Vary op"]
[Site "Karlovy Vary"]
[Date "2009.05.03"]
[Round "7"]
[White "Svoboda, Otakar"]
[Black "Skokan, Frantisek"]
[Result "1/2-1/2"]
[WhiteElo "1732"]
[BlackElo "1863"]
[PlyCount "45"]
[EventDate "2009.04.29"]
[EventType "swiss"]
[EventRounds "7"]
[EventCountry "CZE"]
[SourceTitle "CBM 130 Extra"]
[Source "ChessBase"]
[SourceDate "2009.07.02"]
[SourceVersion "2"]
[SourceVersionDate "2009.07.15"]
[SourceQuality "1"]

1. d4 d5 2. c4 c6 3. Nc3 Nf6 4. Nf3 dxc4 5. a4 Bf5 6. e3 e6 7. Bxc4 Bb4 8. Bd2 0-0 9. 0-0 Nbd7 10. h3 Rc8 11. Nh4 Nb6 12. Be2 Re8 13. a5 Nbd7 14. Nxf5 exf5 15. a6 b5 16. Ne4 Bxd2 17. Nxd2 Qb6 18. Qb3 Ne4 19. Nxe4 fxe4 20. Bg4 Rc7 21. Bxd7 Rxd7 22. Rfc1 Rc8 23. Rc5 1/2-1/2

[Event "Karlovy Vary op"]
[Site "Karlovy Vary"]
[Date "2009.05.01"]
[Round "4"]
[White "Svoboda, Otakar"]
[Black "Novak, Rudolf"]
[Result "1/2-1/2"]
[WhiteElo "1732"]
[BlackElo "1366"]
[PlyCount "38"]
[EventDate "2009.04.29"]
[EventType "swiss"]
[EventRounds "7"]
[EventCountry "CZE"]
[SourceTitle "CBM 130 Extra"]
[Source "ChessBase"]
[SourceDate "2009.07.02"]
[SourceVersion "2"]
[SourceVersionDate "2009.07.15"]
[SourceQuality "1"]

1. e4 d6 2. d4 Nf6 3. Nc3 g6 4. Nf3 Bg4 5. Be2 Bg7 6. h3 Bxf3 7. Bxf3 Nc6 8. 0-0 0-0 9. Be3 e6 10. g3 Qd7 11. Bg2 e5 12. d5 Ne7 13. Qe2 a6 14. a3 c6 15. Na4 Nc8 16. dxc6 Qxc6 17. Nc3 Ne7 18. Rad1 Rfd8 19. Rd3 Rac8 1/2-1/2

[Event "Karlovy Vary op"]
[Site "Karlovy Vary"]
[Date "2009.04.30"]
[Round "3"]
[White "Horyna, Josef"]
[Black "Svoboda, Otakar"]
[Result "1-0"]
[WhiteElo "1881"]
[BlackElo "1732"]
[PlyCount "75"]
[EventDate "2009.04.29"]
[EventType "swiss"]
[EventRounds "7"]
[EventCountry "CZE"]
[SourceTitle "CBM 130 Extra"]
[Source "ChessBase"]
[SourceDate "2009.07.02"]
[SourceVersion "2"]
[SourceVersionDate "2009.07.15"]
[SourceQuality "1"]

1. d4 d5 2. Nf3 Nf6 3. g3 g6 4. Bg2 Bg7 5. 0-0 0-0 6. c4 e6 7. cxd5 exd5 8. Nc3 c6 9. Bg5 Nbd7 10. Qd2 Qe8 11. Bh6 Ng4 12. Bxg7 Kxg7 13. Rfe1 f5 14. e3 Ngf6 15. b4 Ne4 16. Qb2 Nd6 17. b5 Nc4 18. Qb3 Ndb6 19. a4 a5 20. bxc6 bxc6 21. Rac1 Bd7 22. Qa2 Nd6 23. Ne5 Nbc4 24. Nxc4 Nxc4 25. e4 fxe4 26. Nxe4 Qf7 27. Nc5 Rab8 28. Rb1 Bf5 29. Rb3 Rxb3 30. Qxb3 Nd2 31. Qb7 Qxb7 32. Nxb7 Bc2 33. Re2 Nc4 34. Rxc2 Rb8 35. Nc5 Rb1+ 36. Bf1 Rd1 37. Kg2 Nd2 38. Be2 1-0

[Event "Karlovy Vary op"]
[Site "Karlovy Vary"]
[Date "2009.04.30"]
[Round "2"]
[White "Svoboda, Otakar"]
[Black "Ciprian, Jiri"]
[Result "0-1"]
[WhiteElo "1732"]
[BlackElo "2024"]
[PlyCount "35"]
[EventDate "2009.04.29"]
[EventType "swiss"]
[EventRounds "7"]
[EventCountry "CZE"]
[SourceTitle "CBM 130 Extra"]
[Source "ChessBase"]
[SourceDate "2009.07.02"]
[SourceVersion "2"]
[SourceVersionDate "2009.07.15"]
[SourceQuality "1"]

1. d4 f5 2. Nf3 Nf6 3. c4 e6 4. Nc3 b6 5. g3 Bb7 6. Bg2 Be7 7. 0-0 0-0 8. d5 Bb4 9. dxe6 dxe6 10. Nb5 Na6 11. a3 Bd6 12. b3 Qd7 13. Bb2 Rad8 14. Nfd4 Bxg2 15. Kxg2 c5 16. Nc6 Qb7 17. Nbxa7 Bb8 18. Qc2 0-1